Statistics for Most Populous Counties in Arkansas

Click here to take the quiz!

General Stats

  • This quiz has been taken 11 times
  • The average score is 9 of 15

Answer Stats

PopulationCounty% Correct
391,890Pulaski
100%
299,766Benton
80%
128,614Faulkner
70%
246,915Washington
70%
114,880Craighead
60%
63,095Jefferson
60%
128,598Sebastian
60%
46,731Crittenden
50%
100,646Garland
50%
73,063Lonoke
50%
65,506Pope
50%
126,526Saline
50%
79,869White
50%
62,891Crawford
30%
45,283Greene
30%

Score Distribution

Percentile by Number Answered

Percent of People with Each Score

Your Score History

You have not taken this quiz